| 000 | 00733nam a22001937a 4500 | ||
|---|---|---|---|
| 005 | 20250804104912.0 | ||
| 010 | _aHIN-130098 | ||
| 020 |
_c495.00 _a9788171382439 |
||
| 035 | _aHN-102444 | ||
| 037 | _bDBAD | ||
| 082 | _a808.088 | ||
| 100 |
_aबलराम _983649 |
||
| 245 |
_aमाफ करना यार / _cबलराम |
||
| 260 |
_aनई दिल्ली _bसामयिक प्रकाशन _c2024 |
||
| 270 |
_a3320-21, जटवाड़ा, नेताजी सुभाष मार्ग दरियागंज , _bनई दिल्ली _e110002 |
||
| 300 |
_a224पृ. _c22 सेमी (सजिल्द) |
||
| 760 | _b1 | ||
| 942 |
_2ddc _cHN _h808.088 _mबलरा |
||
| 999 |
_c212821 _d212821 |
||